Uzdravování skrze svátosti / Michael Marsch ; Z něm. přel. Zdeněk Jančařík ; Předml. Aleš Opatrný ; Obálka a graf. úprava Martina Špinková
Record details
- ISBN: 80-85282-34-8
- Physical Description: 96 s. ; 19 cm
- Edition: 1. vyd.
- Publisher: Praha : Portál, 1992
Content descriptions
| General Note: | Pozn. Zkratky dokumentů |
Search for related items by subject
| Genre: | pojednání |
Available copies
- 2 of 2 copies available at Common Catalog SPOK.
Holds
- 0 current holds with 2 total copies.
Other Formats and Editions
Show All Copies
| Location | Call Number / Copy Notes | Barcode | Shelving Location | Status | Due Date |
|---|---|---|---|---|---|
| Jabok Library | PT-7.2 | 424480021747 | Odborná literatura | Available | - |
| Jabok Library | PT-7.2 | 424480023356 | Odborná literatura | Available | - |
| LDR | 01365nam a2200385 a 4500 | ||
|---|---|---|---|
| 001 | 13823 | ||
| 003 | CZ-PrJAB | ||
| 005 | 20200116122209.0 | ||
| 007 | tu | ||
| 008 | 940426s1992 xr u0|0 0 cze | ||
| 015 | . | ‡acnb000080669 | |
| 020 | . | ‡a80-85282-34-8 ‡q(brož.) | |
| 035 | . | ‡a(CZ PrNK)np9304423 | |
| 035 | . | ‡a(OCoLC)39566555 | |
| 040 | . | ‡aABA001 ‡bcze | |
| 041 | 1 | . | ‡acze ‡hger |
| 080 | . | ‡a23/25 ‡2undef | |
| 080 | . | ‡a26 ‡2undef | |
| 100 | 1 | . | ‡aMarsch, Michael, ‡d1931- ‡7jn20000701167 ‡4aut |
| 245 | 1 | 0. | ‡aUzdravování skrze svátosti / ‡cMichael Marsch ; Z něm. přel. Zdeněk Jančařík ; Předml. Aleš Opatrný ; Obálka a graf. úprava Martina Špinková |
| 250 | . | ‡a1. vyd. | |
| 260 | . | ‡aPraha : ‡bPortál, ‡c1992 ‡e(Praha : ‡fAdalbert) | |
| 300 | . | ‡a96 s. ; ‡c19 cm | |
| 500 | . | ‡aPozn. | |
| 500 | . | ‡aZkratky dokumentů | |
| 653 | 0 | . | ‡aboží láska ‡aduševní uzdravení ‡aspása ‡asvátosti ‡atělesné uzdravení ‡azázraky |
| 655 | 7. | ‡apojednání ‡7fd133056 ‡2czenas | |
| 700 | 1 | . | ‡aJančařík, Zdeněk, ‡d1965- ‡7kpwa2691 ‡4trl |
| 700 | 1 | . | ‡aOpatrný, Aleš, ‡d1944- ‡7jn19990218079 ‡4aui |
| 700 | 1 | . | ‡aŠpinková, Martina, ‡d1959- ‡7jx20040217019 ‡4art |
| 765 | 0 | . | ‡tHeilung durch die Sakramente ‡9Česky |
| 910 | . | ‡aABG312 | |
| 995 | . | ‡aska | |
| 901 | . | ‡a13823 ‡bCZ PrNK ‡c13823 ‡tbiblio | |